All Boomerang Monkey Upgrades - Bloons TD 6 - Statistics

General Stats
  • This quiz has been taken 32 times
  • The average score is 12 of 16
Answer Stats
Upgrade % Correct
Faster Rangs
86%
Glaive Dominus
86%
Glaive Lord
86%
Glaives
86%
Red Hot Rangs
86%
Glaive Ricochet
82%
Perma Charge
82%
Kylie Boomerang
77%
MOAB Domination
77%
MOAB Press
73%
M.O.A.R Glaives
73%
Bionic Boomerang
64%
Faster Throwing
59%
Long Range Rangs
59%
Improved Rangs
55%
Turbo Charge
50%
No matching quizzes found
Score Distribution
Percent of People with Each Score
Percentile by Number Answered
Your Score History
You have not taken this quiz